Nietzsche (Record no. 113308)

MARC details
000 -LEADER
campo de control de longitud fija 00834nam a2200229 i 4500
001 - NÚMERO DE CONTROL
campo de control 113308
003 - IDENTIFICADOR DE NÚMERO DE CONTROL
campo de control ES-MaACL
005 - FECHA Y HORA DE LA ÚLTIMA TRANSACCIÓN
campo de control 20230906185836.0
007 - CAMPO FIJO DE DESCRIPCIÓN FÍSICA--INFORMACIÓN GENERAL
campo de control de longitud fija t|
008 - DATOS DE LONGITUD FIJA--INFORMACIÓN GENERAL
campo de control de longitud fija 061121s1979 fr r ||||1| fre d
020 ## - NÚMERO INTERNACIONAL ESTÁNDAR DEL LIBRO
Número Internacional Estándar del Libro 2-7073-0297-X
111 2# - ENTRADA PRINCIPAL--NOMBRE DE CONGRESO/REUNIÓN
Nombre de congreso/reunión o jurisdicción como elemento de entrada Colloque Philosophique International (
Número del congreso/reunión o número de parte o sección 7º.
Fecha del congreso o de la firma del tratado 1964.
Sede del congreso/Lugar de la reunión Royaumont)
9 (RLIN) 135060
245 10 - MENCIÓN DEL TÍTULO
Título Nietzsche
Resto del título : aptes /
Mención de responsabilidad, etc. du VII Colloque philosophique international de Royaumont, 4-8 juillet 1964 ; Fondation Royaumont.
260 ## - PUBLICACIÓN, DISTRIBUCIÓN, ETC.
Lugar de publicación, distribución, etc. Paris :
Nombre del editor, distribuidor, etc. Minuit,
Fecha de publicación, distribución, etc. 1979.
300 ## - DESCRIPCIÓN FÍSICA
Extensión 287 p. ;
Dimensiones 22 cm.
490 1# - MENCIÓN DE SERIE
Mención de serie Cahiers de royaumont ;
Designación de volumen o secuencia 6
600 14 - PUNTO DE ACCESO ADICIONAL DE MATERIA--NOMBRE DE PERSONA
Nombre de persona Nietzsche, Friedrich,
Fechas asociadas al nombre 1844-1900-
Subdivisión general Crítica e interpretación
9 (RLIN) 85721
710 2# - ENTRADA AGREGADA--NOMBRE DE ENTIDAD CORPORATIVA
Nombre de entidad corporativa o nombre de jurisdicción como elemento de entrada Fondation Royaumont.
9 (RLIN) 4140
830 0# - PUNTO DE ACCESO ADICIONAL DE SERIE-TÍTULO UNIFORME
Título uniforme Cahiers de royaumont ;
Designación de volumen o secuencia 6
9 (RLIN) 186455
852 ## - LOCALIZACIÓN
Ubicación ES-MaACL
Número de control de estantería L-12000
Sublocalización o colección R.113478
Holdings
Estatus retirado Estado de pérdida Estado de daño No para préstamo Biblioteca de origen Biblioteca actual Ubicación en estantería Fecha de adquisición Fuente de adquisición Total de préstamos Signatura topográfica completa Código de barras Visto por última vez Precio de reemplazo Tipo de ítem Koha
        Biblioteca del Ateneo de Madrid Biblioteca del Ateneo de Madrid Depósito 2 17/01/2008     L-12000 1118183 23/02/2023 23/02/2023 Libro impreso